000 00613nam a2200145 a 4500
001 000026754
005 20200930030407.0
008 110325s2004 dr 000 0 spa d
040 _aDO-SdBNP
_bspa
_cBNPHU
245 0 0 _aReglamento para la operación del plan de tiempo compartido en los proyectos turísticos financiados por el Banco Central a través de su departamento INFRATUR.
260 _aSanto Domingo :
_bBanco Central,
_c[199?].
300 _a35 p. ;
_c28 cm.
710 2 _aBanco Central de la República Dominicana
_bDepartamento para el Desarrollo de la Ifraestructura Turística
_953862
049 _aBNPD
999 _c26246
_d26246